[Event "Top 12 2021"]
[Site "Chalons en Champagne, France"]
[Date "2021.07.03"]
[Round "10.39"]
[White "Mathieu, Phileas VAN"]
[Black "Le Roux, Jean-Pierre BIS"]
[Result "0-1"]
[WhiteElo "2240"]
[BlackElo "2524"]

1. e4 {[%clk 01:30:45]} {[%emt 00:00:14]} c6 {[%clk 01:29:36]} {[%emt
00:01:24]} 2. Nc3 {[%clk 01:31:09]} {[%emt 00:00:06]} d5 {[%clk 01:29:54]}
{[%emt 00:00:12]} 3. Nf3 {[%clk 01:31:37]} {[%emt 00:00:02]} Bg4 {[%clk
01:29:41]} {[%emt 00:00:43]} 4. h3 {[%clk 01:32:01]} {[%emt 00:00:06]} Bxf3
{[%clk 01:30:06]} {[%emt 00:00:05]} 5. Qxf3 {[%clk 01:32:30]} {[%emt 00:00:02]}
e6 {[%clk 01:29:59]} {[%emt 00:00:36]} 6. d3 {[%clk 01:32:58]} {[%emt
00:00:02]} Bb4 {[%clk 01:30:07]} {[%emt 00:00:22]} 7. Bd2 {[%clk 01:31:54]}
{[%emt 00:01:34]} Nd7 {[%clk 01:28:50]} {[%emt 00:01:48]} 8. Qg3 {[%clk
01:18:36]} {[%emt 00:13:48]} g6 {[%clk 01:09:41]} {[%emt 00:19:39]} 9. a3
{[%clk 01:16:46]} {[%emt 00:02:20]} Ba5 {[%clk 01:09:00]} {[%emt 00:01:10]} 10.
O-O-O {[%clk 01:08:19]} {[%emt 00:08:57]} Ngf6 {[%clk 00:56:31]} {[%emt
00:12:59]} 11. e5 {[%clk 00:51:13]} {[%emt 00:17:37]} Nh5 {[%clk 00:45:49]}
{[%emt 00:11:10]} 12. Qe3 {[%clk 00:49:44]} {[%emt 00:01:59]} Ng7 {[%emt
00:04:29]} 13. g4 h5 14. Bg2 b5 15. f4 b4 16. axb4 Bxb4 17. Na4 Qa5 18. b3 Rb8
19. Bxb4 Rxb4 20. d4 Nb6 21. Nc3 O-O 22. Kd2 c5 23. Ke2 cxd4 24. Rxd4 Rc8 25.
Nb1 Rxc2+ 26. Nd2 Qb5+ 27. Kd1 Qc5 28. Rxb4 Qxe3 29. Kxc2 {[%clk 00:49:07]}
Qc5+ {[%clk 00:41:55]} 0-1

[Event "Top 12 2021"]
[Site "Chalons en Champagne, France"]
[Date "2021.07.03"]
[Round "10.41"]
[White "Mamedov, Rauf CCH"]
[Black "Kirk, Ezra AGE"]
[Result "1-0"]
[WhiteElo "2654"]
[BlackElo "2447"]

1. e4 {[%clk 01:30:55]} {[%emt 00:00:05]} c5 {[%clk 01:30:52]} {[%emt
00:00:08]} 2. Nc3 {[%clk 01:31:21]} {[%emt 00:00:04]} Nc6 {[%clk 01:31:07]}
{[%emt 00:00:16]} 3. Bb5 {[%clk 01:31:46]} {[%emt 00:00:04]} Nd4 {[%clk
01:28:32]} {[%emt 00:03:04]} 4. Nf3 {[%clk 01:30:47]} {[%emt 00:01:30]} Nxb5
{[%clk 01:28:02]} {[%emt 00:01:00]} 5. Nxb5 {[%clk 01:31:03]} {[%emt 00:00:15]}
d6 {[%clk 01:26:25]} {[%emt 00:02:07]} 6. d4 {[%clk 01:30:31]} {[%emt
00:01:03]} a6 {[%clk 01:18:28]} {[%emt 00:08:27]} 7. Nc3 {[%clk 01:30:51]}
{[%emt 00:00:09]} cxd4 {[%clk 01:18:20]} {[%emt 00:00:38]} 8. Qxd4 {[%clk
01:30:59]} {[%emt 00:00:22]} e5 {[%clk 01:13:44]} {[%emt 00:05:06]} 9. Qd3
{[%clk 01:31:17]} {[%emt 00:00:12]} Be6 {[%clk 01:11:57]} {[%emt 00:02:16]} 10.
Ng5 {[%clk 01:25:15]} {[%emt 00:06:31]} Nf6 {[%clk 01:04:27]} {[%emt 00:08:00]}
11. Nxe6 {[%clk 01:01:13]} {[%emt 00:24:33]} fxe6 {[%clk 01:04:25]} {[%emt
00:00:32]} 12. Bg5 {[%clk 01:01:40]} {[%emt 00:00:03]} Rc8 {[%clk 00:45:50]}
{[%emt 00:19:04]} 13. Qh3 {[%clk 00:55:47]} {[%emt 00:06:24]} Qd7 {[%clk
00:44:38]} {[%emt 00:01:42]} 14. Bxf6 {[%clk 00:55:10]} {[%emt 00:01:07]} gxf6
{[%clk 00:45:00]} {[%emt 00:00:08]} 15. O-O-O {[%clk 00:54:21]} {[%emt
00:01:20]} b5 {[%clk 00:36:40]} {[%emt 00:08:49]} 16. Rd3 {[%clk 00:45:28]}
{[%emt 00:09:23]} Rc4 {[%clk 00:32:24]} {[%emt 00:04:47]} 17. Re1 {[%clk
00:45:29]} {[%emt 00:00:29]} h5 {[%clk 00:29:52]} {[%emt 00:03:02]} 18. Kb1
{[%clk 00:43:45]} {[%emt 00:02:13]} b4 {[%clk 00:22:34]} {[%emt 00:07:48]} 19.
Nd1 {[%clk 00:40:27]} {[%emt 00:03:47]} Ke7 {[%clk 00:21:46]} {[%emt 00:01:18]}
20. b3 {[%clk 00:37:19]} {[%emt 00:03:39]} Rc5 {[%clk 00:19:43]} {[%emt
00:02:32]} 21. Ne3 {[%clk 00:37:33]} {[%emt 00:00:17]} Qc6 {[%clk 00:17:42]}
{[%emt 00:02:30]} 22. Red1 {[%clk 00:31:23]} {[%emt 00:06:41]} Kf7 {[%clk
00:17:55]} {[%emt 00:00:17]} 23. Qf3 {[%clk 00:30:30]} {[%emt 00:01:23]} Be7
{[%clk 00:16:12]} {[%emt 00:02:13]} 24. g4 {[%clk 00:21:59]} {[%emt 00:09:02]}
h4 {[%clk 00:12:49]} {[%emt 00:03:52]} 25. g5 {[%clk 00:13:47]} {[%emt
00:08:42]} f5 {[%clk 00:12:54]} {[%emt 00:00:25]} 26. Nxf5 {[%clk 00:14:15]}
{[%emt 00:00:03]} exf5 {[%clk 00:13:18]} {[%emt 00:00:06]} 27. Qxf5+ {[%clk
00:14:43]} {[%emt 00:00:01]} Ke8 {[%clk 00:12:01]} {[%emt 00:01:46]} 28. g6
{[%clk 00:15:09]} {[%emt 00:00:04]} Rf8 {[%clk 00:08:50]} {[%emt 00:03:42]} 29.
Qh5 {[%clk 00:15:38]} Kd7 {[%clk 00:06:14]} {[%emt 00:03:07]} 30. g7 {[%clk
00:15:09]} {[%emt 00:00:59]} Qc8 {[%clk 00:02:37]} {[%emt 00:04:07]} 31. gxf8=Q
{[%clk 00:13:43]} {[%emt 00:01:56]} Qxf8 {[%clk 00:02:59]} {[%emt 00:00:07]} 32.
Rf3 {[%clk 00:13:20]} {[%emt 00:00:53]} Qg8 {[%clk 00:02:45]} {[%emt 00:00:44]}
33. Rf7 {[%clk 00:12:56]} {[%emt 00:00:55]} a5 {[%clk 00:03:05]} {[%emt
00:00:10]} 34. Qf5+ {[%clk 00:12:33]} {[%emt 00:00:52]} Ke8 {[%clk 00:03:19]}
{[%emt 00:00:16]} 35. Rh7 {[%clk 00:12:59]} {[%emt 00:00:04]} a4 {[%clk
00:02:46]} {[%emt 00:01:03]} 36. Qh5+ {[%clk 00:13:16]} {[%emt 00:00:12]} Kd7
{[%clk 00:02:59]} {[%emt 00:00:17]} 37. Rh8 {[%clk 00:13:34]} {[%emt 00:00:12]}
Qg5 {[%clk 00:02:36]} {[%emt 00:00:53]} 38. Qe8+ {[%clk 00:13:59]} {[%emt
00:00:05]} Ke6 {[%clk 00:03:03]} {[%emt 00:00:04]} 39. Rg8 {[%clk 00:14:21]}
{[%emt 00:00:07]} Kd5 {[%emt 00:00:40]} 1-0

[Event "Top 12 2021"]
[Site "Chalons en Champagne, France"]
[Date "2021.07.03"]
[Round "10.42"]
[White "Favarel, Julien AGE"]
[Black "Bauer, Christian CCH"]
[Result "0-1"]
[WhiteElo "2338"]
[BlackElo "2639"]

1. e4 {[%clk 01:30:56]} {[%emt 00:00:03]} g6 {[%clk 01:30:29]} {[%emt
00:00:32]} 2. d4 {[%clk 01:31:04]} {[%emt 00:00:23]} Bg7 {[%clk 01:30:47]}
{[%emt 00:00:11]} 3. Nf3 {[%clk 01:31:02]} {[%emt 00:00:32]} d6 {[%clk
01:30:37]} {[%emt 00:00:39]} 4. c3 {[%clk 01:30:43]} {[%emt 00:00:49]} Nf6
{[%clk 01:29:38]} {[%emt 00:01:29]} 5. Bd3 {[%clk 01:30:23]} {[%emt 00:00:51]}
O-O {[%clk 01:29:55]} {[%emt 00:00:13]} 6. O-O {[%clk 01:30:26]} {[%emt
00:00:27]} c5 {[%clk 01:29:31]} {[%emt 00:00:54]} 7. dxc5 {[%clk 01:20:46]}
{[%emt 00:10:10]} dxc5 {[%clk 01:29:17]} {[%emt 00:00:43]} 8. Qe2 {[%clk
01:02:13]} {[%emt 00:19:03]} Nc6 {[%clk 01:24:30]} {[%emt 00:05:17]} 9. h3
{[%clk 00:58:03]} {[%emt 00:04:41]} Qc7 {[%clk 01:22:01]} {[%emt 00:02:57]} 10.
e5 {[%clk 00:45:19]} {[%emt 00:13:15]} Nd7 {[%clk 01:19:19]} {[%emt 00:03:13]}
11. e6 {[%clk 00:40:58]} {[%emt 00:04:51]} fxe6 {[%clk 01:09:10]} {[%emt
00:10:38]} 12. Qxe6+ {[%clk 00:37:44]} {[%emt 00:03:44]} Kh8 {[%clk 01:08:57]}
{[%emt 00:00:44]} 13. Qe2 {[%clk 00:37:30]} {[%emt 00:00:44]} Nde5 {[%clk
00:58:43]} {[%emt 00:10:45]} 14. Nxe5 {[%clk 00:33:47]} {[%emt 00:04:13]} Nxe5
{[%clk 00:59:06]} {[%emt 00:00:07]} 15. Be4 {[%clk 00:33:22]} {[%emt 00:00:55]}
Nf7 {[%clk 00:52:39]} {[%emt 00:06:57]} 16. Be3 {[%clk 00:21:17]} {[%emt
00:12:35]} Nd6 {[%clk 00:50:49]} {[%emt 00:02:20]} 17. Bf3 {[%clk 00:15:12]}
{[%emt 00:06:35]} e5 {[%clk 00:36:15]} {[%emt 00:15:04]} 18. Nd2 {[%clk
00:14:08]} {[%emt 00:01:34]} Bf5 {[%clk 00:34:36]} {[%emt 00:02:10]} 19. Bg4
{[%clk 00:11:33]} {[%emt 00:03:05]} Rae8 {[%clk 00:32:06]} {[%emt 00:03:00]} 20.
Nc4 {[%clk 00:08:43]} {[%emt 00:03:20]} Nf7 {[%clk 00:27:28]} {[%emt 00:05:08]}
21. a4 {[%clk 00:08:17]} b6 {[%clk 00:26:23]} {[%emt 00:02:32]} 22. Rfd1 {[%clk
00:07:39]} Qc6 {[%emt 00:02:36]} 23. Na3 e4 24. Nc4 Qe6 25. Bxf5 gxf5 26. Bf4
Bh6 27. Bxh6 Qxh6 28. Rd5 Ng5 29. Re5 Nf3+ 30. gxf3 Qxh3 31. Rxe8 Rxe8 {[%clk
00:25:24]} 0-1

[Event "Top 12 2021"]
[Site "Chalons en Champagne, France"]
[Date "2021.07.03"]
[Round "10.43"]
[White "Guliyev, Namig CCH"]
[Black "Ternault, Mathieu AGE"]
[Result "1/2-1/2"]
[WhiteElo "2551"]
[BlackElo "2308"]

1. e4 {[%clk 01:30:57]} {[%emt 00:00:03]} e6 {[%clk 01:30:44]} {[%emt
00:00:17]} 2. d4 {[%clk 01:31:21]} {[%emt 00:00:06]} d5 {[%clk 01:31:08]}
{[%emt 00:00:06]} 3. exd5 {[%clk 01:31:42]} {[%emt 00:00:09]} exd5 {[%clk
01:31:22]} {[%emt 00:00:15]} 4. Nf3 {[%clk 01:32:05]} {[%emt 00:00:07]} Nc6
{[%clk 01:31:48]} {[%emt 00:00:05]} 5. Bb5 {[%clk 01:32:17]} {[%emt 00:00:18]}
Bd6 {[%clk 01:31:32]} {[%emt 00:00:45]} 6. O-O {[%clk 01:32:23]} {[%emt
00:00:25]} Nge7 {[%clk 01:28:26]} {[%emt 00:03:36]} 7. c4 {[%clk 01:32:19]}
{[%emt 00:00:34]} dxc4 {[%clk 01:28:04]} {[%emt 00:00:52]} 8. d5 {[%clk
01:32:42]} {[%emt 00:00:07]} Nxd5 {[%clk 01:25:47]} {[%emt 00:02:48]} 9. Qe2+
{[%clk 01:32:37]} {[%emt 00:00:34]} Qe7 {[%clk 01:15:07]} {[%emt 00:11:10]} 10.
Bxc6+ {[%clk 01:31:28]} {[%emt 00:01:40]} bxc6 {[%clk 01:15:25]} {[%emt
00:00:12]} 11. Qxc4 {[%clk 01:31:42]} {[%emt 00:00:16]} O-O {[%clk 01:13:04]}
{[%emt 00:02:51]} 12. Qxc6 {[%clk 01:29:49]} {[%emt 00:02:23]} Nb6 {[%clk
01:12:56]} {[%emt 00:00:37]} 13. Bg5 {[%clk 01:25:32]} {[%emt 00:04:47]} Qe6
{[%clk 01:12:08]} {[%emt 00:01:19]} 14. Qc2 {[%clk 01:24:49]} {[%emt 00:01:13]}
Nd5 {[%clk 01:08:33]} {[%emt 00:04:05]} 15. Nbd2 {[%clk 01:24:27]} {[%emt
00:00:52]} Bb7 {[%clk 01:06:47]} {[%emt 00:02:16]} 16. Rfe1 {[%clk 01:23:12]}
{[%emt 00:01:44]} Nb4 {[%clk 01:05:59]} {[%emt 00:01:18]} 17. Qb1 {[%clk
01:14:55]} {[%emt 00:08:47]} Qg6 {[%clk 00:58:45]} {[%emt 00:07:44]} 18. Qxg6
{[%clk 01:14:01]} {[%emt 00:01:24]} fxg6 {[%clk 00:55:11]} {[%emt 00:04:04]} 19.
Be7 {[%clk 01:14:13]} {[%emt 00:00:18]} Nc2 {[%clk 00:54:56]} {[%emt 00:00:44]}
20. Bxf8 {[%clk 01:14:19]} {[%emt 00:00:25]} Rxf8 {[%clk 00:55:02]} {[%emt
00:00:24]} 21. Rac1 {[%clk 01:13:39]} {[%emt 00:01:10]} Nxe1 {[%clk 00:55:23]}
{[%emt 00:00:10]} 22. Rxe1 {[%clk 01:13:50]} {[%emt 00:00:18]} Rd8 {[%clk
00:47:41]} {[%emt 00:08:12]} 23. Nc4 {[%clk 01:13:00]} {[%emt 00:01:20]} Bf4
{[%clk 00:38:26]} {[%emt 00:09:46]} 24. h4 {[%emt 00:02:54]} Bd5 {[%clk
00:32:25]} {[%emt 00:06:19]} 25. Rd1 {[%clk 01:08:58]} {[%emt 00:02:19]} c6
{[%clk 00:32:48]} {[%emt 00:00:08]} 26. Ne3 {[%clk 01:07:57]} Bxe3 27. fxe3
{[%emt 00:01:53]} Re8 {[%clk 00:32:50]} 28. Kf2 {[%clk 01:08:05]} {[%emt
00:00:22]} Bxa2 {[%clk 00:33:03]} {[%emt 00:00:17]} 29. Ra1 {[%clk 01:08:10]}
{[%emt 00:00:25]} Bd5 {[%clk 00:33:28]} {[%emt 00:00:05]} 30. Rxa7 {[%clk
01:08:35]} {[%emt 00:00:05]} Rb8 {[%clk 00:33:54]} {[%emt 00:00:04]} 31. Kg3
{[%clk 01:08:47]} {[%emt 00:00:18]} Rxb2 {[%clk 00:31:11]} {[%emt 00:03:13]} 32.
e4 {[%clk 01:08:53]} {[%emt 00:00:24]} Ba2 {[%clk 00:29:41]} {[%emt 00:02:00]}
33. Ne5 {[%clk 01:08:35]} h6 {[%clk 00:29:41]} 34. Nxc6 {[%clk 01:08:35]} Bb1
{[%clk 00:23:01]} {[%emt 00:10:24]} 35. Ne7+ {[%clk 01:03:35]} {[%emt
00:04:40]} Kf7 36. Nd5+ {[%emt 00:01:26]} Ke6 {[%clk 00:21:05]} {[%emt
00:01:24]} 37. Nf4+ {[%emt 00:03:29]} Kf6 {[%clk 00:18:59]} {[%emt 00:01:55]}
38. Ra6+ {[%clk 01:01:03]} Kf7 {[%clk 00:19:05]} {[%emt 00:01:07]} 39. Ra4
{[%clk 00:58:54]} Rb7 {[%clk 00:19:05]} 40. Kf3 {[%clk 00:58:54]} Rb3+ {[%clk
00:19:05]} 41. Kf2 {[%clk 00:58:54]} Rb2+ {[%clk 00:19:05]} 42. Ke3 {[%clk
00:58:54]} g5 {[%clk 00:19:05]} 43. hxg5 {[%clk 00:58:54]} hxg5 {[%clk
00:19:05]} 44. Ne2 {[%clk 01:28:23]} {[%emt 00:16:10]} Ba2 {[%clk 00:38:55]}
{[%emt 00:02:41]} 45. g3 {[%clk 01:27:15]} {[%emt 00:01:37]} Be6 {[%clk
00:38:58]} {[%emt 00:00:27]} 46. Nd4 {[%clk 01:27:34]} {[%emt 00:00:11]} Ra2
{[%clk 00:37:58]} {[%emt 00:01:31]} 47. Rxa2 {[%clk 01:25:48]} {[%emt
00:02:16]} Bxa2 {[%clk 00:38:04]} {[%emt 00:00:24]} 48. Nf3 {[%clk 01:24:49]}
{[%emt 00:01:28]} Kf6 {[%clk 00:37:56]} {[%emt 00:00:38]} 49. Kd4 {[%clk
01:24:26]} {[%emt 00:00:52]} Be6 {[%clk 00:37:43]} {[%emt 00:00:43]} 50. Ne5
{[%clk 01:24:22]} {[%emt 00:00:34]} Bh3 {[%clk 00:36:52]} {[%emt 00:01:21]} 51.
Kd5 {[%clk 01:23:52]} {[%emt 00:01:00]} Bg2 {[%clk 00:30:21]} {[%emt 00:07:00]}
52. Ng4+ {[%clk 01:23:53]} {[%emt 00:00:30]} Kg6 {[%clk 00:29:53]} {[%emt
00:00:58]} 53. Ke5 {[%clk 01:23:39]} {[%emt 00:00:44]} Bf3 {[%clk 00:30:00]}
{[%emt 00:00:23]} 54. Nf2 {[%clk 01:23:51]} {[%emt 00:00:19]} Be2 {[%clk
00:29:22]} {[%emt 00:01:08]} 55. Kd6 {[%clk 01:22:38]} {[%emt 00:01:43]} Kf7
{[%clk 00:27:58]} {[%emt 00:01:54]} 56. e5 {[%clk 01:22:56]} {[%emt 00:00:13]}
Bc4 {[%clk 00:27:24]} {[%emt 00:01:04]} 57. Ne4 {[%clk 01:21:40]} {[%emt
00:01:46]} Kg6 {[%clk 00:26:09]} {[%emt 00:01:45]} 58. g4 {[%clk 01:16:06]}
{[%emt 00:06:03]} Be2 {[%clk 00:16:56]} {[%emt 00:09:43]} 59. e6 {[%clk
01:14:38]} {[%emt 00:01:58]} Bxg4 {[%clk 00:16:30]} {[%emt 00:00:56]} 60. e7
{[%clk 01:15:04]} {[%emt 00:00:04]} Kf7 {[%clk 00:16:57]} {[%emt 00:00:03]} 61.
Nc3 {[%clk 01:15:23]} {[%emt 00:00:12]} Bh5 {[%clk 00:10:47]} {[%emt 00:06:40]}
62. Ne4 {[%clk 01:14:06]} {[%emt 00:01:47]} g4 {[%clk 00:09:58]} {[%emt
00:01:19]} 63. Kd7 {[%clk 01:10:01]} {[%emt 00:04:34]} Kg8 {[%clk 00:10:10]}
{[%emt 00:00:19]} 64. Ke6 {[%clk 01:10:06]} {[%emt 00:00:24]} Bg6 {[%clk
00:08:30]} {[%emt 00:02:10]} 65. Ng3 {[%clk 01:10:22]} {[%emt 00:00:15]} Be8
{[%clk 00:08:18]} {[%emt 00:00:42]} 66. Ne2 {[%clk 01:10:15]} {[%emt 00:00:37]}
Bg6 {[%clk 00:07:44]} {[%emt 00:01:04]} 67. Kd7 {[%clk 01:09:37]} {[%emt
00:01:07]} Bf7 {[%clk 00:06:29]} {[%emt 00:01:45]} 68. Ng3 {[%clk 01:09:45]}
{[%emt 00:00:22]} Bg6 {[%clk 00:06:45]} {[%emt 00:00:15]} 69. Kd8 {[%clk
01:10:08]} {[%emt 00:00:07]} Bf7 {[%clk 00:06:44]} {[%emt 00:00:31]} 70. Nf5
{[%clk 01:10:32]} {[%emt 00:00:06]} Bg6 {[%clk 00:06:47]} {[%emt 00:00:27]} 71.
Kc7 {[%clk 01:10:58]} {[%emt 00:00:04]} Kf7 {[%clk 00:06:22]} {[%emt 00:00:55]}
72. Kd8 {[%clk 01:05:09]} {[%emt 00:06:19]} Kf6 {[%clk 00:05:37]} {[%emt
00:01:15]} 73. Ng3 {[%clk 01:05:33]} {[%emt 00:00:06]} Kg5 {[%clk 00:05:08]}
{[%emt 00:01:00]} 74. e8=Q {[%clk 01:05:55]} {[%emt 00:00:08]} Bxe8 {[%clk
00:05:32]} {[%emt 00:00:06]} 75. Kxe8 {[%clk 01:06:16]} {[%emt 00:00:08]} g6
{[%clk 00:02:28]} {[%emt 00:03:34]} 76. Kf7 {[%clk 01:06:35]} {[%emt 00:00:10]}
Kf4 {[%clk 00:02:48]} {[%emt 00:00:11]} 77. Nf1 {[%clk 01:07:00]} {[%emt
00:00:04]} Kg5 {[%clk 00:02:23]} {[%emt 00:00:54]} 78. Kg7 {[%clk 01:07:22]}
{[%emt 00:00:08]} Kf4 {[%clk 00:02:21]} {[%emt 00:00:33]} 79. Kxg6 {[%clk
01:07:46]} {[%emt 00:00:05]} g3 {[%clk 00:02:44]} {[%emt 00:00:08]} 80. Nxg3
{[%clk 01:08:11]} {[%emt 00:00:05]} 1/2-1/2

[Event "Top 12 2021"]
[Site "Chalons en Champagne, France"]
[Date "2021.07.03"]
[Round "10.44"]
[White "Fantinel, Thibault AGE"]
[Black "Medvegy, Zoltan CCH"]
[Result "0-1"]
[WhiteElo "2380"]
[BlackElo "2527"]

1. e4 {[%clk 01:30:57]} {[%emt 00:00:02]} c6 {[%clk 01:30:55]} {[%emt
00:00:05]} 2. Nf3 {[%clk 01:30:15]} {[%emt 00:01:12]} d5 {[%clk 01:31:13]}
{[%emt 00:00:13]} 3. Nc3 {[%clk 01:29:37]} {[%emt 00:01:07]} Bg4 {[%clk
01:31:22]} {[%emt 00:00:21]} 4. h3 {[%clk 01:30:04]} {[%emt 00:00:04]} Bxf3
{[%clk 01:31:43]} {[%emt 00:00:09]} 5. Qxf3 {[%clk 01:30:29]} {[%emt 00:00:04]}
e6 {[%clk 01:31:54]} {[%emt 00:00:19]} 6. d4 {[%clk 01:29:55]} {[%emt
00:01:05]} Nf6 {[%clk 01:32:13]} {[%emt 00:00:11]} 7. exd5 {[%clk 01:30:08]}
{[%emt 00:00:17]} cxd5 {[%clk 01:32:17]} {[%emt 00:00:25]} 8. Bd3 {[%clk
01:30:30]} {[%emt 00:00:08]} Nc6 {[%clk 01:31:01]} {[%emt 00:01:46]} 9. Ne2
{[%clk 01:30:54]} {[%emt 00:00:06]} Be7 {[%clk 01:25:21]} {[%emt 00:06:10]} 10.
c3 {[%clk 01:31:12]} {[%emt 00:00:12]} O-O {[%clk 01:25:37]} {[%emt 00:00:14]}
11. O-O {[%clk 01:31:30]} {[%emt 00:00:12]} Ne8 {[%clk 01:22:35]} {[%emt
00:03:33]} 12. Re1 {[%clk 01:27:56]} {[%emt 00:04:04]} Rb8 {[%clk 01:13:50]}
{[%emt 00:09:15]} 13. a4 {[%clk 01:21:55]} {[%emt 00:06:30]} a6 {[%clk
01:07:49]} {[%emt 00:06:31]} 14. Nf4 {[%clk 01:19:37]} {[%emt 00:02:48]} Na5
{[%clk 00:59:15]} {[%emt 00:09:04]} 15. Bc2 {[%clk 01:12:15]} {[%emt 00:07:52]}
Nc4 {[%clk 00:49:23]} {[%emt 00:10:22]} 16. Nd3 {[%clk 00:56:35]} {[%emt
00:16:10]} Bg5 {[%clk 00:44:38]} {[%emt 00:05:16]} 17. Bxg5 {[%clk 00:51:41]}
{[%emt 00:05:23]} Qxg5 {[%clk 00:45:02]} {[%emt 00:00:07]} 18. a5 {[%clk
00:51:41]} {[%emt 00:00:29]} Nf6 {[%clk 00:39:26]} {[%emt 00:06:06]} 19. b3
{[%clk 00:40:58]} {[%emt 00:11:13]} Nd2 {[%clk 00:37:23]} {[%emt 00:02:33]} 20.
Qe3 {[%clk 00:41:21]} {[%emt 00:00:07]} Qxe3 {[%clk 00:37:38]} {[%emt
00:00:15]} 21. Rxe3 {[%clk 00:41:49]} {[%emt 00:00:02]} Nde4 {[%clk 00:36:49]}
{[%emt 00:01:18]} 22. Nc5 {[%clk 00:37:38]} {[%emt 00:04:41]} Nxc5 {[%clk
00:35:02]} {[%emt 00:02:18]} 23. dxc5 {[%clk 00:38:06]} {[%emt 00:00:02]} Rbd8
{[%clk 00:23:52]} {[%emt 00:11:39]} 24. Rd1 {[%clk 00:38:11]} {[%emt 00:00:25]}
Nd7 {[%clk 00:22:08]} {[%emt 00:02:14]} 25. b4 {[%clk 00:38:01]} {[%emt
00:00:39]} Nb8 {[%clk 00:21:51]} {[%emt 00:00:48]} 26. f4 {[%clk 00:20:45]}
{[%emt 00:17:47]} Nc6 {[%clk 00:21:39]} {[%emt 00:00:42]} 27. Ba4 {[%clk
00:20:57]} {[%emt 00:00:17]} g6 {[%clk 00:17:49]} {[%emt 00:04:20]} 28. Kf2
{[%clk 00:18:53]} {[%emt 00:02:35]} Kg7 {[%clk 00:17:56]} {[%emt 00:00:23]} 29.
g4 {[%clk 00:13:45]} {[%emt 00:05:38]} h6 {[%clk 00:18:16]} {[%emt 00:00:10]}
30. h4 {[%clk 00:13:25]} {[%emt 00:00:50]} Kf6 {[%clk 00:16:10]} {[%emt
00:02:36]} 31. Kg3 {[%clk 00:12:31]} {[%emt 00:01:23]} Rg8 {[%clk 00:12:21]}
{[%emt 00:04:19]} 32. Re2 {[%clk 00:10:11]} {[%emt 00:02:51]} Rc8 {[%clk
00:08:55]} {[%emt 00:03:55]} 33. Rf2 {[%clk 00:07:57]} {[%emt 00:02:44]} Nxa5
{[%clk 00:07:13]} {[%emt 00:02:13]} 34. bxa5 {[%clk 00:08:23]} {[%emt
00:00:04]} Rxc5 {[%clk 00:07:37]} {[%emt 00:00:05]} 35. g5+ {[%clk 00:06:06]}
{[%emt 00:02:48]} Kg7 {[%clk 00:07:46]} {[%emt 00:00:21]} 36. Rb1 {[%clk
00:04:04]} {[%emt 00:02:32]} Rxa5 {[%clk 00:07:46]} {[%emt 00:00:30]} 37. Bd1
{[%clk 00:01:31]} {[%emt 00:03:04]} b5 {[%clk 00:07:38]} {[%emt 00:00:38]} 38.
Rbb2 {[%clk 00:01:41]} {[%emt 00:00:21]} Rc8 {[%clk 00:06:05]} {[%emt
00:02:03]} 39. Rb3 {[%clk 00:01:17]} {[%emt 00:00:54]} Ra1 {[%clk 00:05:22]}
{[%emt 00:01:12]} 40. Be2 {[%clk 00:30:54]} {[%emt 00:00:53]} h5 {[%clk
00:33:08]} {[%emt 00:02:44]} 41. Rf3 {[%clk 00:27:48]} {[%emt 00:03:35]} Kf8
{[%clk 00:28:16]} {[%emt 00:05:22]} 42. Re3 {[%clk 00:27:51]} {[%emt 00:00:27]}
Ke7 {[%clk 00:27:21]} {[%emt 00:01:26]} 43. f5 {[%clk 00:24:16]} {[%emt
00:04:06]} gxf5 {[%clk 00:27:31]} {[%emt 00:00:20]} 44. Bxh5 {[%clk 00:24:42]}
{[%emt 00:00:04]} Rc4 {[%clk 00:27:27]} {[%emt 00:00:33]} 45. Re2 {[%clk
00:20:07]} {[%emt 00:05:06]} Rg1+ {[%clk 00:17:32]} {[%emt 00:10:24]} 46. Kf2
{[%clk 00:19:02]} {[%emt 00:01:35]} Rh1 {[%clk 00:13:43]} {[%emt 00:04:19]} 47.
Bf3 {[%clk 00:18:29]} {[%emt 00:01:03]} Rh2+ {[%clk 00:13:05]} {[%emt
00:01:09]} 48. Kg3 {[%clk 00:16:00]} {[%emt 00:02:59]} Rhxh4 {[%clk 00:13:24]}
{[%emt 00:00:10]} 49. Ra3 {[%clk 00:13:23]} {[%emt 00:03:07]} Ra4 {[%clk
00:12:07]} {[%emt 00:01:47]} 50. Rxa4 {[%clk 00:13:32]} {[%emt 00:00:22]} Rxa4
{[%clk 00:12:34]} {[%emt 00:00:03]} 51. Bxd5 {[%clk 00:13:53]} {[%emt
00:00:08]} Ra3 {[%clk 00:02:55]} {[%emt 00:10:10]} 52. g6 {[%clk 00:12:12]}
{[%emt 00:02:12]} Rxc3+ {[%clk 00:02:24]} {[%emt 00:01:01]} 53. Kf4 {[%clk
00:12:37]} {[%emt 00:00:04]} Kf8 {[%clk 00:01:12]} {[%emt 00:01:42]} 54. Bxe6
{[%clk 00:12:10]} {[%emt 00:00:58]} fxg6 {[%clk 00:01:00]} {[%emt 00:00:41]} 55.
Ra2 {[%clk 00:11:13]} {[%emt 00:01:26]} Rc6 {[%clk 00:01:09]} {[%emt 00:00:21]}
56. Ke5 {[%clk 00:11:35]} {[%emt 00:00:08]} Kg7 {[%clk 00:01:17]} {[%emt
00:00:23]} 57. Rg2 {[%clk 00:07:05]} {[%emt 00:05:01]} b4 {[%clk 00:00:58]}
{[%emt 00:00:48]} 58. Kd5 {[%clk 00:05:45]} {[%emt 00:01:50]} Rb6 {[%clk
00:01:12]} {[%emt 00:00:16]} 59. Bd7 {[%clk 00:05:48]} {[%emt 00:00:27]} b3
{[%clk 00:00:55]} {[%emt 00:00:47]} 60. Rb2 {[%clk 00:06:15]} {[%emt 00:00:03]}
Rb4 {[%clk 00:00:54]} {[%emt 00:00:31]} 61. Kc5 {[%clk 00:06:19]} {[%emt
00:00:26]} a5 {[%clk 00:01:18]} {[%emt 00:00:06]} 62. Be6 {[%clk 00:06:46]}
{[%emt 00:00:03]} Kf6 {[%clk 00:01:35]} {[%emt 00:00:13]} 63. Bxb3 {[%clk
00:06:53]} {[%emt 00:00:23]} g5 {[%clk 00:01:35]} {[%emt 00:00:30]} 0-1